Guess the Random Waterparks Song #14 - Statistics

General Stats
  • This quiz has been taken 33 times
  • The average score is 171 of 271
Answer Stats
Answer % Correct
a
100%
I
100%
you
100%
your
90%
I'm
85%
to
85%
when
85%
When
85%
And
80%
and
80%
be
80%
me
80%
It's
75%
like
75%
my
75%
My
75%
So
75%
so
75%
Who
75%
all
70%
Is
70%
is
70%
on
70%
On
70%
The
70%
the
70%
You're
70%
in
65%
of
65%
only
65%
that
65%
That
65%
time
65%
Are
60%
are
60%
don't
60%
made
60%
not
60%
not,
60%
sad
60%
up
60%
want
60%
What
60%
alone?
55%
at
55%
back
55%
boys
55%
brain
55%
brought
55%
for
55%
knife
55%
know
55%
or
55%
With
55%
with
55%
words
55%
write
55%
bottle
50%
'Cause
50%
down
50%
fistfight
50%
got
50%
gunfight
50%
happy
50%
hell
50%
I've
50%
kind
50%
match
50%
messed
50%
now
50%
Now
50%
out
50%
Scared
50%
songs
50%
spin
50%
stressed
50%
this
50%
titles
50%
anymore
45%
bones
45%
cloud
45%
cold
45%
Even
45%
Stressing
45%
their
45%
turn
45%
weakness
45%
wish
45%
worth
45%
afraid
40%
Because
40%
birthdays
40%
bites
40%
black
40%
blisters
40%
Christmas
40%
dog
40%
lights
40%
list
40%
name
40%
name,
40%
nice
40%
slip
40%
slur
40%
sound
40%
wasn't
40%
Weighing
40%
ceiling
35%
Cutting
35%
dead
35%
feel
35%
gather
35%
gripped
35%
hands
35%
speech
35%
Starts
35%
through
35%
chilled
30%
doubt
30%
feeling
30%
oh
30%
rare
30%
thing
30%
brave
20%
No matching quizzes found
Score Distribution
Percent of People with Each Score
Percentile by Number Answered
Your Score History
You have not taken this quiz